| 000 -LEADER |
| fixed length control field |
01035nam a22001697a 4500 |
| 020 ## - INTERNATIONAL STANDARD BOOK NUMBER |
| ISBN |
9780135163078 |
| 082 ## - DEWEY DECIMAL CLASSIFICATION NUMBER |
| Classification number |
512.13 |
| Item number |
M621 2020 |
| 100 ## - MAIN ENTRY--AUTHOR NAME |
| Personal name |
Michael, Sullivan, author. |
| 245 ## - TITLE STATEMENT |
| Title |
Algebra and trigonometry / Michael, Sullivan. |
| 250 ## - EDITION STATEMENT |
| Edition statement |
Eleventh edition |
| 260 ## - PUBLICATION, DISTRIBUTION, ETC. (IMPRINT) |
| Place of publication |
Upper Saddle River ; NJ : |
| Name of publisher |
Pearson, |
| Year of publication |
©2020. |
| 300 ## - PHYSICAL DESCRIPTION |
| Number of Pages |
1 online resource, xviii, 1037 pages : |
| Other physical details |
illustrations (some color) |
| 500 ## - GENERAL NOTE |
| General note |
Includes bibliographical references and index |
| 520 ## - SUMMARY, ETC. |
| Summary, etc |
This textbook provides a comprehensive exploration of algebraic principles and trigonometric functions, designed to prepare students for higher-level mathematics such as calculus.The eleventh edition emphasizes conceptual understanding and problem-solving through the "Prepare, Practice, and Review" model. Key topics include linear and quadratic functions, polynomial and rational functions, exponential and logarithmic equations, trigonometric identities, and applications of trigonometry. |
| 650 ## - SUBJECT ADDED ENTRY--TOPICAL TERM |
| Topical Term |
Algebra |
| -- |
Trigonometry |
| 942 ## - ADDED ENTRY ELEMENTS (KOHA) |
| Koha item type |
Electronic Books |